Environmental pollution analysis. / (Record no. 6932)
[ view plain ]
| 000 -LEADER | |
|---|---|
| fixed length control field | 01328nam a22001697a 4500 |
| 008 - FIXED-LENGTH DATA ELEMENTS--GENERAL INFORMATION | |
| fixed length control field | 190902b xxu||||| |||| 00| 0 eng d |
| 020 ## - INTERNATIONAL STANDARD BOOK NUMBER | |
| International Standard Book Number | 9788122427479 |
| 050 ## - LIBRARY OF CONGRESS CALL NUMBER | |
| Classification number | TD193.K52(2e) |
| 100 ## - MAIN ENTRY--PERSONAL NAME | |
| Personal name | Khopkar, S. M. |
| 245 ## - TITLE STATEMENT | |
| Title | Environmental pollution analysis. / |
| Statement of responsibility, etc. | S. M. Khophar. |
| 250 ## - EDITION STATEMENT | |
| Edition statement | 2nd ed. |
| 260 ## - PUBLICATION, DISTRIBUTION, ETC. | |
| Place of publication, distribution, etc. | New Dehli : |
| Name of publisher, distributor, etc. | New Age International (P) Limited, Publishers, |
| Date of publication, distribution, etc. | 2011. |
| 300 ## - PHYSICAL DESCRIPTION | |
| Extent | xxi, 308 p. : |
| Other physical details | ill. ; |
| Dimensions | 24 cm. |
| 500 ## - GENERAL NOTE | |
| General note | Includes index. |
| 505 ## - FORMATTED CONTENTS NOTE | |
| Formatted contents note | Contents: Introduction to environmental pollution -- Modern methods of pollution analysis -- Toxic pollutants and their analysis -- Sampling and analysis of air pollutants -- Introduction to air pollution -- Analysis of major pollutants -- Analysis of air pollutants -- Air pollution monitoring -- Introduction to water pollution -- Water pollution analysis -- Water treatment -- Metal pollutants analysis - specific methods -- Metal pollutants analysis by instrumental methods -- Analysis of organic compounds in water from its bulk properties -- Analysis of specific organic compounds in water -- Microbiological examination of the water -- Analysis of industrial effluents -- Domestic effluents and their analysis -- Land pollution, pesticides and their analysis -- Noise pollution and its measurement -- Odour and its measurement. |
| 942 ## - ADDED ENTRY ELEMENTS (KOHA) | |
| Source of classification or shelving scheme | Library of Congress Classification |
| Koha item type | Books |
| Withdrawn status | Lost status | Source of classification or shelving scheme | Damaged status | Not for loan | Home library | Current library | Shelving location | Date acquired | Total Checkouts | Full call number | Barcode | Date last seen | Price effective from | Koha item type |
|---|---|---|---|---|---|---|---|---|---|---|---|---|---|---|
| Library of Congress Classification | WISCONSIN INTERNATIONAL UNIVERSITY COLLEGE, GHANA - MAIN LIBRARY | WISCONSIN INTERNATIONAL UNIVERSITY COLLEGE, GHANA - MAIN LIBRARY | Reference | 02/09/2019 | TD193.K52(2e) | 8006/433/15 | 02/09/2019 | 02/09/2019 | Books |
